| 000 | 00409nam a2200157Ia 4500 | ||
|---|---|---|---|
| 008 | 260223s2025 xx 000 0 und d | ||
| 020 | _a9789393885753 | ||
| 041 | _aeng | ||
| 082 | _a618.2/BHA | ||
| 100 | _aBhaskar.Nima. | ||
| 245 | _aTextbook Of Midwifery Obsterics and Gynecology-I | ||
| 250 | _a1st ed. | ||
| 260 |
_aB.S.B. Pune _bEMMESS,Pub _c2025 |
||
| 300 | _a604P | ||
| 650 | _aGynecology Nursing | ||
| 999 |
_c1216611 _d1216611 |
||